Largest US Universities by Undergraduate Enrollment - Statistics

General Stats
  • This quiz has been taken 156 times
  • The average score is 9 of 20
Answer Stats
Enrollment Region Answer % Correct
35,064 West South Central University of Texas - Arlington
88%
40,916 West South Central University of Texas - Austin
88%
47,106 East North Central The Ohio State University - Columbus
81%
36,503 Mountain University of Arizona
72%
38,574 Upper Midwest Michigan State University
67%
40,600 Middle Atlantic Penn State University - University Park
65%
46,061 Mountain Arizona State University - Tempe
62%
34,925 East North Central University of Illinois at Champagne-Urbana
58%
60,075 South Atlantic University of Central Florida
56%
53,876 West South Central Texas A&M - College Station
55%
36,209 West North Central University of Minnesota - Twin Cities
51%
36,152 Middle Atlantic Rutgers University - New Brunswick
33%
37,101 East North Central Purdue University
28%
46,079 South Atlantic Florida International University
18%
38,581 South University of Houston
17%
35,339 East North Central University of Cincinnati
5%
34,931 Pacific California State University - Fullerton
4%
41,262 Mountain Utah Valley University
4%
34,275 Pacific California State University - Northridge
3%
38,973 South Atlantic Kennesaw State University
1%
No matching quizzes found
Score Distribution
Percent of People with Each Score
Percentile by Number Answered
Your Score History
You have not taken this quiz